000 00302nam a2200145Ia 4500
100 _aKIR/DHANANJAY
650 _aGeneral
942 _cBK
366 _f20
245 _aDR.BABASAHEB AMBEDKAR
260 _bMUMBAI
_aPOPULAR PRAKASHAN
_c2012
082 _a920/KIR
300 _a304
546 _aENGLISH
999 _c35616
_d35616